000 00945nam a2200265Ia 4500
003 OSt
005 20221005112515.0
006 a|||||r|||| 00| 0
007 ta
008 221004b |||||||| |||| 00| 0 pan d
020 _a9789352046683 (hbk)
_cINR 250.00
024 _a35753
037 _b1002, 13/11/2017, H.K. Prakashan
_cTextual
040 _aCRL
_cCRL
_bpan
041 _2pan
_apan
082 _aO153,3NRAx, Q7
100 _aਰਾਜਵਿੰਦਰ ਸਿੰਘ, ਂਚ.
245 0 _aਕਾੜ੍ਹਨੀ ਦਾ ਦੁੱਧ
260 _aਚੰਡੀਗੜ
_bਲੋਕਗੀਤ ਪ੍ਰਕਾFਨ` ਭਾਰਤ
_c2017
300 _a134ਪੰ
_ccm.
650 _a ਪੰਜਾਬੀ ਕਹਾਣੀ
650 _aਪੰਜਾਬੀ ਸਾਹਿਤ
942 _hO153,3NRAx, Q7
_cTEXL
_2cc
999 _c1025096
_d1025096